<?xml version="1.0" encoding="UTF-8"?>
<collection xmlns="http://www.loc.gov/MARC21/slim">
 <record>
  <leader>01308nam a2200205Ia 4500</leader>
  <controlfield tag="001">CTU_132289</controlfield>
  <controlfield tag="008">210402s9999    xx            000 0 und d</controlfield>
  <datafield tag="020" ind1=" " ind2=" ">
   <subfield code="c">16000</subfield>
  </datafield>
  <datafield tag="082" ind1=" " ind2=" ">
   <subfield code="a">639.37</subfield>
  </datafield>
  <datafield tag="082" ind1=" " ind2=" ">
   <subfield code="b">L550</subfield>
  </datafield>
  <datafield tag="100" ind1=" " ind2=" ">
   <subfield code="a">Ngô, Trọng Lư</subfield>
  </datafield>
  <datafield tag="245" ind1=" " ind2="0">
   <subfield code="a">Kỹ thuật nuôi lươn, ếch, ba ba, cá lóc</subfield>
  </datafield>
  <datafield tag="245" ind1=" " ind2="0">
   <subfield code="c">Ngô Trọng Lư</subfield>
  </datafield>
  <datafield tag="260" ind1=" " ind2=" ">
   <subfield code="a">Thành phố Hồ Chí Minh</subfield>
  </datafield>
  <datafield tag="260" ind1=" " ind2=" ">
   <subfield code="b">Nông nghiệp</subfield>
  </datafield>
  <datafield tag="260" ind1=" " ind2=" ">
   <subfield code="c">2008</subfield>
  </datafield>
  <datafield tag="520" ind1=" " ind2=" ">
   <subfield code="a">Tài liệu gồm 4 phần trình bài về những đặc điểm sinh học, kỹ thuật, cách nuôi cũng như cách phòng và chữa bệnh của loài lươn, ếch, ba ba và cá lóc nhằm góp phần đẩy mạnh phong trào nuôi đặc sản nước ngọt. Tác giả đã sử dụng một số kết quả đã điều tra nghiên cứu, tổng kết kinh nghiệm ở một số cơ sở, địa phương, đồng thời giới thiệu một số kinh nghiệm sản xuất của nước ngoài để biên soạn nên cuốn sách này.</subfield>
  </datafield>
  <datafield tag="650" ind1=" " ind2=" ">
   <subfield code="a">Cá nước ngọt,Fish-culture,Freshwater fishes,Frog culture,Turtle culture</subfield>
  </datafield>
  <datafield tag="904" ind1=" " ind2=" ">
   <subfield code="i">Giang</subfield>
  </datafield>
  <datafield tag="980" ind1=" " ind2=" ">
   <subfield code="a">Trung tâm Học liệu Trường Đại học Cần Thơ</subfield>
  </datafield>
 </record>
</collection>
